000 00513nam a2200193Ia 4500
005 20250923150221.0
008 008 250917s9999 xx 000 0 eng d
037 _aTextual
040 _aDSWL
_beng
_cDSWL
041 _aeng
_2eng
084 _qDSWL
100 _aHarlambos,
_9843499
245 0 _aSociology : Themes & Perspectives
_cby Harlambos
260 _aHammersmith
_bCollins
_c2000
300 _a1116 p.
650 _a Holborn
_9843500
942 _cTEXL
999 _c1460915
_d1460915